000 00516nam a22001577a 4500
999 _c527870
_d527870
020 _qHard Cover.
082 _a550.9
100 _aSaad, Syed Ali
245 _aIMPLEMENTATION OF BEST MANAGEMENT PRACTICES USING Arc SWAT:
_bA Case Study of Mansehra Tehsil /
_cSyed Saad Ali.
260 _aIslamabad:
_bIGIS - NUST,
_c2014.
300 _axii, 62 p. : ill. :
_c30cm.
942 _2ddc
_cTHE
650 _aMS Thesis.
_918721
700 _aDr. Javid Iqbal.
_919362